[Event "RM-2011-0-00075"]
[Site "LSS email"]
[Date "2011.05.22"]
[Round "?"]
[White "Bernal Varela, Nelson"]
[Black "Bocanegra Moreno, Rufino"]
[Result "1/2-1/2"]
[WhiteElo "2298"]
[BlackElo "2272"]
[PlyCount "52"]
[EventDate "2011.03.17"]
[EventType "tourn (corr)"]
[EventRounds "6"]
[EventCountry "GER"]
[SourceTitle "Telechess CBM 151"]
[Source "ChessBase"]
[SourceDate "2012.11.13"]
[SourceVersion "1"]
[SourceVersionDate "2012.11.13"]
[SourceQuality "1"]

1. e4 e6 2. d4 d5 3. Nd2 c5 4. Ngf3 cxd4 5. exd5 Qxd5 6. Bc4 Qd6 7. 0-0 Nf6 8. Nb3 Nc6 9. Nbxd4 Nxd4 10. Nxd4 a6 11. Bd3 Bd7 12. Nf3 Qc7 13. Qe2 Bd6 14. Re1 Nd5 15. g3 Nb4 16. Be4 0-0 17. c3 f5 18. Bb1 Nc6 19. Qd3 Ne5 20. Nxe5 Bxe5 21. Bc2 Rf7 22. Qe2 Bd6 23. Bg5 h6 24. Be3 Bb5 25. Qh5 f4 26. gxf4 Bxf4 1/2-1/2

[Event "RM-2011-0-00075"]
[Site "LSS email"]
[Date "2011.05.22"]
[Round "?"]
[White "Bocanegra Moreno, Rufino"]
[Black "Storkan, Zdenek"]
[Result "1-0"]
[WhiteElo "2272"]
[BlackElo "2146"]
[PlyCount "69"]
[EventDate "2011.03.17"]
[EventType "tourn (corr)"]
[EventRounds "6"]
[EventCountry "GER"]
[SourceTitle "Telechess CBM 151"]
[Source "ChessBase"]
[SourceDate "2012.11.13"]
[SourceVersion "1"]
[SourceVersionDate "2012.11.13"]
[SourceQuality "1"]

1. e4 d6 2. d4 Nf6 3. Nc3 g6 4. Be3 c6 5. h3 Bg7 6. f4 Qb6 7. Qc1 0-0 8. Bd3 Na6 9. a3 c5 10. Nf3 Nh5 11. 0-0 cxd4 12. Nd5 Qd8 13. Bxd4 Bh6 14. Be3 Nc5 15. f5 Bg7 16. Bxc5 dxc5 17. Qg5 Nf6 18. fxg6 hxg6 19. Ne3 Be6 20. e5 Nh7 21. Qf4 Qc7 22. Bc4 Bxc4 23. Qxc4 e6 24. Qe4 Qe7 25. Ng4 Rad8 26. Qe3 b5 27. Rae1 c4 28. Nd4 Qc5 29. c3 Rd5 30. Qf4 Qc7 31. h4 Kh8 32. Rf3 Qc5 33. Kh1 Qe7 34. Qh2 Kg8 35. Rg3 1-0

[Event "CP-2008-S-00003"]
[Site "LSS email"]
[Date "2011.05.07"]
[Round "?"]
[White "Pely, Giora"]
[Black "Bocanegra Moreno, Rufino"]
[Result "0-1"]
[WhiteElo "2188"]
[BlackElo "2337"]
[PlyCount "84"]
[EventDate "2011.05.14"]
[EventType "tourn (corr)"]
[EventRounds "6"]
[EventCountry "GER"]
[SourceTitle "Telechess CBM 153"]
[Source "ChessBase"]
[SourceDate "2013.03.14"]
[SourceVersion "1"]
[SourceVersionDate "2013.03.14"]
[SourceQuality "1"]

1. e4 e6 2. d4 d5 3. Nd2 c5 4. Ngf3 cxd4 5. exd5 Qxd5 6. Bc4 Qd6 7. 0-0 Nf6 8. Nb3 Nc6 9. Nbxd4 Nxd4 10. Nxd4 a6 11. Re1 Qc7 12. Bb3 Bd7 13. Qf3 Bd6 14. h3 0-0-0 15. Bg5 Qc5 16. Bxf6 gxf6 17. Qxf6 Rhg8 18. Re3 Bc7 19. Rd3 Rdf8 20. Rad1 Rg6 21. Qh4 Rfg8 22. g3 Kb8 23. Rc3 Qb6 24. Qe7 Rd8 25. Rcd3 Bc8 26. c4 Rd7 27. Qf8 Bd6 28. Qh8 Rd8 29. Qxh7 e5 30. Nf5 Bxf5 31. c5 Qa5 32. Qxf7 Bxd3 33. Bd5 Rxg3+ 34. Kh2 Rg7 35. Qxg7 Bc7 36. Rxd3 e4+ 37. Rg3 Qxc5 38. Kg2 Qxd5 39. Re3 Bf4 40. Rb3 e3+ 41. Kg1 e2 42. Qe7 Rg8+ 0-1

[Event "SM-2011-0-00146"]
[Site "LSS email"]
[Date "2011.03.12"]
[Round "?"]
[White "Bocanegra Moreno, Rufino"]
[Black "Baranowski, Tadeusz"]
[Result "1/2-1/2"]
[WhiteElo "2340"]
[BlackElo "2308"]
[PlyCount "38"]
[EventDate "2011.02.05"]
[EventType "tourn (corr)"]
[EventRounds "6"]
[EventCountry "GER"]
[SourceTitle "Telechess CBM 157"]
[Source "ChessBase"]
[SourceDate "2013.11.12"]
[SourceVersion "1"]
[SourceVersionDate "2013.11.12"]
[SourceQuality "1"]

1. d4 d5 2. Bf4 Nf6 3. e3 c5 4. c3 Nc6 5. Nd2 Bf5 6. Qb3 Qd7 7. Ngf3 c4 8. Qd1 e6 9. Be2 b5 10. Nh4 Bd6 11. Nxf5 exf5 12. Bxd6 Qxd6 13. Qc2 Qe6 14. 0-0 0-0 15. Rfe1 Ne4 16. Nxe4 fxe4 17. Reb1 f5 18. a4 a6 19. b4 Na7 1/2-1/2

[Event "SM-2011-0-00146"]
[Site "LSS email"]
[Date "2011.03.12"]
[Round "?"]
[White "Bocanegra Moreno, Rufino"]
[Black "Pascual Perez, Norge"]
[Result "1/2-1/2"]
[WhiteElo "2340"]
[BlackElo "2310"]
[PlyCount "109"]
[EventDate "2011.02.05"]
[EventType "tourn (corr)"]
[EventRounds "6"]
[EventCountry "GER"]
[SourceTitle "Telechess CBM 157"]
[Source "ChessBase"]
[SourceDate "2013.11.12"]
[SourceVersion "1"]
[SourceVersionDate "2013.11.12"]
[SourceQuality "1"]
[BlackTeam "IWEC Iceland"]

1. d4 Nf6 2. Nf3 g6 3. Bf4 Bg7 4. e3 d6 5. Be2 0-0 6. 0-0 Nh5 7. Bg5 h6 8. Bh4 c5 9. c3 g5 10. Nfd2 gxh4 11. Bxh5 h3 12. g3 Nd7 13. Bf3 Nf6 14. Ne4 Nxe4 15. Bxe4 d5 16. Bf3 Qb6 17. Qb3 Rd8 18. Na3 e5 19. dxe5 Qxb3 20. axb3 Bxe5 21. Rfd1 Be6 22. Nc2 a5 23. Rd2 b5 24. Rad1 b4 25. c4 a4 26. bxa4 b3 27. Na1 Rdb8 28. cxd5 Bd7 29. Rc1 Rxa4 30. Nxb3 Rxb3 31. Bd1 c4 32. Bxb3 cxb3 33. f4 Bf6 34. d6 Ra2 35. Rc7 Bb5 36. Kf2 Bxb2 37. d7 Bf6 38. Rc8+ Kg7 39. Rxa2 bxa2 40. Ra8 Bc4 41. e4 Bd4+ 42. Ke1 Bb6 43. f5 Kf6 44. Kd2 Kg5 45. Kc3 Bb5 46. Rxa2 Bxd7 47. Ra1 Kg4 48. Kc4 Bf2 49. Kd5 Bb5 50. Kd6 Bd3 51. Kd5 h5 52. Ra3 Bc2 53. Rc3 Bd1 54. Rc1 Bb3+ 55. Kd6 1/2-1/2

[Event "SM-2011-0-00142"]
[Site "LSS email"]
[Date "2011.02.06"]
[Round "?"]
[White "Wimmer, Jaroslav"]
[Black "Bocanegra Moreno, Rufino"]
[Result "0-1"]
[WhiteElo "2264"]
[BlackElo "2335"]
[PlyCount "74"]
[EventDate "2011.01.08"]
[EventType "tourn (corr)"]
[EventRounds "6"]
[EventCountry "GER"]
[SourceTitle "Telechess CBM 149"]
[Source "ChessBase"]
[SourceDate "2012.07.17"]
[SourceVersion "1"]
[SourceVersionDate "2012.07.17"]
[SourceQuality "1"]

1. d4 f5 2. Nf3 Nf6 3. g3 g6 4. Bg2 Bg7 5. 0-0 0-0 6. c4 d6 7. Nc3 Nc6 8. Qc2 e5 9. dxe5 dxe5 10. Bg5 e4 11. Rad1 Qe8 12. Nd4 Nxd4 13. Rxd4 Be6 14. Rd2 c6 15. Na4 b5 16. cxb5 cxb5 17. Nc5 Rc8 18. b4 a5 19. Qb1 Bc4 20. Nb7 Qe6 21. Nxa5 Nd5 22. Nxc4 bxc4 23. Rc2 Qa6 24. Rfc1 h6 25. Bf4 Kh7 26. Bf1 Nxf4 27. gxf4 e3 28. fxe3 Qe6 29. Rc3 g5 30. Qc2 Bxc3 31. Qxc3 gxf4 32. exf4 Rg8+ 33. Kf2 Rce8 34. Ke1 Qe7 35. Kd2 Qa7 36. Qf6 Qd7+ 37. Ke1 Rg6 0-1

[Event "SM-2011-0-00142"]
[Site "LSS email"]
[Date "2011.02.06"]
[Round "?"]
[White "Zolendowski, Cesary"]
[Black "Bocanegra Moreno, Rufino"]
[Result "1/2-1/2"]
[WhiteElo "2230"]
[BlackElo "2335"]
[PlyCount "58"]
[EventDate "2011.01.08"]
[EventType "tourn (corr)"]
[EventRounds "6"]
[EventCountry "GER"]
[SourceTitle "Telechess CBM 149"]
[Source "ChessBase"]
[SourceDate "2012.07.17"]
[SourceVersion "1"]
[SourceVersionDate "2012.07.17"]
[SourceQuality "1"]

1. e4 e6 2. d4 d5 3. Nc3 Bb4 4. e5 Ne7 5. a3 Bxc3+ 6. bxc3 c5 7. Qg4 Qc7 8. Qxg7 Rg8 9. Qxh7 cxd4 10. Ne2 Nbc6 11. f4 Bd7 12. Qd3 dxc3 13. Qxc3 Nf5 14. Rb1 d4 15. Qd3 0-0-0 16. Rg1 Na5 17. g4 Ba4 18. c4 Nh4 19. Rg3 Qxc4 20. Qxc4+ Nxc4 21. Rb4 b5 22. Ng1 Ne3 23. Bxe3 dxe3 24. Be2 a5 25. Re4 Bc2 26. Rexe3 b4 27. Nh3 Rd4 28. Bd3 Bxd3 29. Rxd3 Rxd3 1/2-1/2

[Event "SM-2010-0-00139"]
[Site "LSS email"]
[Date "2011.01.23"]
[Round "?"]
[White "Baranowski, Tadeusz"]
[Black "Bocanegra Moreno, Rufino"]
[Result "1/2-1/2"]
[WhiteElo "2309"]
[BlackElo "2335"]
[PlyCount "57"]
[EventDate "2010.12.28"]
[EventType "tourn (corr)"]
[EventRounds "6"]
[EventCountry "GER"]
[SourceTitle "Telechess CBM 149"]
[Source "ChessBase"]
[SourceDate "2012.07.17"]
[SourceVersion "1"]
[SourceVersionDate "2012.07.17"]
[SourceQuality "1"]

1. d4 f5 2. Nf3 d6 3. b3 Nf6 4. g3 g6 5. Bg2 Bg7 6. Bb2 0-0 7. 0-0 Ne4 8. c4 Nc6 9. Nc3 e5 10. dxe5 Nxc3 11. Bxc3 dxe5 12. Qd5+ Kh8 13. Qxd8 Rxd8 14. Ng5 Re8 15. Bxc6 bxc6 16. Rad1 Bf6 17. f4 Kg7 18. e3 a5 19. Nf3 e4 20. Bxf6+ Kxf6 21. Nd4 Ra6 22. Rd2 Rd8 23. Rfd1 Be6 24. Kf2 a4 25. b4 a3 26. Nxe6 Rxd2+ 27. Rxd2 Kxe6 28. c5 Ra8 29. Kf1 1/2-1/2

[Event "LSS WC-2012-T-00002"]
[Site "LSS email"]
[Date "2010.12.19"]
[Round "?"]
[White "Bocanegra Moreno, Rufino"]
[Black "De Oliveira, Marcio Barbosa"]
[Result "1/2-1/2"]
[WhiteElo "2335"]
[BlackElo "2246"]
[PlyCount "65"]
[EventDate "2010.12.18"]
[EventType "tourn (corr)"]
[EventRounds "10"]
[EventCountry "GER"]
[SourceTitle "Telechess CBM 161"]
[Source "ChessBase"]
[SourceDate "2014.07.16"]
[SourceVersion "1"]
[SourceVersionDate "2014.07.16"]
[SourceQuality "1"]

1. e4 c5 2. Nc3 Nc6 3. Nge2 e6 4. d4 cxd4 5. Nxd4 Nf6 6. Nxc6 bxc6 7. e5 Nd5 8. Ne4 Qc7 9. f4 Qb6 10. c4 Ne3 11. Qd3 Bb4+ 12. Bd2 0-0 13. Rc1 a5 14. Bxb4 Qxb4+ 15. Qd2 f5 16. Nd6 Rb8 17. b3 c5 18. Qxb4 Rxb4 19. Rc3 Nxf1 20. Kxf1 a4 21. Kf2 Bb7 22. a3 Rb6 23. Rb1 axb3 24. Rcxb3 Rxb3 25. Rxb3 Bc6 26. Nb7 Bxb7 27. Rxb7 Rd8 28. Rc7 Kf8 29. Rxc5 Ra8 30. Rc7 Ke7 31. c5 Kd8 32. Rb7 Rxa3 33. Rb8+ 1/2-1/2

[Event "LSS WC-2012-T-00002"]
[Site "LSS email"]
[Date "2010.12.19"]
[Round "?"]
[White "Bocanegra Moreno, Rufino"]
[Black "Noire, Eric"]
[Result "1/2-1/2"]
[WhiteElo "2335"]
[BlackElo "2242"]
[PlyCount "44"]
[EventDate "2010.12.18"]
[EventType "tourn (corr)"]
[EventRounds "10"]
[EventCountry "GER"]
[SourceTitle "Telechess CBM 161"]
[Source "ChessBase"]
[SourceDate "2014.07.16"]
[SourceVersion "1"]
[SourceVersionDate "2014.07.16"]
[SourceQuality "1"]

1. e4 c6 2. d4 d5 3. e5 Bf5 4. Be3 e6 5. Nd2 Nd7 6. Be2 f6 7. Ngf3 Qc7 8. 0-0 fxe5 9. Nxe5 Nxe5 10. dxe5 Qxe5 11. Re1 Nf6 12. Bd3 Bxd3 13. cxd3 Qd6 14. Nf3 Be7 15. Qe2 0-0 16. Bd4 Nd7 17. Qxe6+ Qxe6 18. Rxe6 Bc5 19. Bxc5 Nxc5 20. Re3 Rae8 21. Rae1 Rxe3 22. Rxe3 Rf4 1/2-1/2

[Event "LSS WC-2012-T-00002"]
[Site "LSS email"]
[Date "2010.12.19"]
[Round "?"]
[White "Bocanegra Moreno, Rufino"]
[Black "Schuster, Peter"]
[Result "1/2-1/2"]
[WhiteElo "2335"]
[BlackElo "2391"]
[PlyCount "53"]
[EventDate "2010.12.18"]
[EventType "tourn (corr)"]
[EventRounds "10"]
[EventCountry "GER"]
[SourceTitle "Telechess CBM 161"]
[Source "ChessBase"]
[SourceDate "2014.07.16"]
[SourceVersion "1"]
[SourceVersionDate "2014.07.16"]
[SourceQuality "1"]

1. e4 e5 2. Nf3 Nc6 3. Bb5 a6 4. Ba4 Nf6 5. 0-0 Be7 6. Re1 b5 7. Bb3 0-0 8. c3 d5 9. exd5 Nxd5 10. Nxe5 Nxe5 11. Rxe5 c6 12. d4 Bd6 13. Re1 Qh4 14. g3 Qh3 15. Be3 Ra7 16. Bxd5 cxd5 17. Qf3 Re7 18. Nd2 Rfe8 19. a4 b4 20. c4 dxc4 21. Nxc4 Bb7 22. d5 Bc7 23. Red1 f5 24. Bb6 Bxb6 25. Nxb6 f4 26. Qxf4 a5 27. Qh4 1/2-1/2

[Event "LSS WC-2012-T-00002"]
[Site "LSS email"]
[Date "2010.12.19"]
[Round "?"]
[White "Sukhodolsky, Alexandr"]
[Black "Bocanegra Moreno, Rufino"]
[Result "1/2-1/2"]
[WhiteElo "2362"]
[BlackElo "2335"]
[PlyCount "65"]
[EventDate "2010.12.18"]
[EventType "tourn (corr)"]
[EventRounds "10"]
[EventCountry "GER"]
[SourceTitle "Telechess CBM 161"]
[Source "ChessBase"]
[SourceDate "2014.07.16"]
[SourceVersion "1"]
[SourceVersionDate "2014.07.16"]
[SourceQuality "1"]

1. e4 e6 2. d4 d5 3. Nc3 Nf6 4. Bg5 Bb4 5. e5 h6 6. Bd2 Bxc3 7. bxc3 Ne4 8. Qg4 Kf8 9. Qf4 c5 10. Nf3 Nc6 11. dxc5 Qc7 12. Be2 b6 13. cxb6 axb6 14. 0-0 g5 15. Qe3 Nxd2 16. Qxd2 Nxe5 17. Nxe5 Qxe5 18. f4 gxf4 19. Rxf4 Rg8 20. Bd3 Ra3 21. Raf1 f5 22. c4 Rxa2 23. Qb4+ Kf7 24. Qxb6 Ra4 25. Qb5 Ra1 26. R4f2 Rxf1+ 27. Bxf1 Kf6 28. c5 h5 29. c6 Qc3 30. Kh1 h4 31. Kg1 h3 32. g3 Rxg3+ 33. hxg3 1/2-1/2

[Event "LSS WC-2010-F-00004"]
[Site "LSS email"]
[Date "2010.11.17"]
[Round "?"]
[White "Ghyssens, Dirk"]
[Black "Bocanegra Moreno, Rufino"]
[Result "1/2-1/2"]
[WhiteElo "2248"]
[BlackElo "2341"]
[PlyCount "92"]
[EventDate "2010.11.23"]
[EventType "tourn (corr)"]
[EventRounds "10"]
[EventCountry "GER"]
[SourceTitle "Telechess CBM 155"]
[Source "ChessBase"]
[SourceDate "2013.07.16"]
[SourceVersion "1"]
[SourceVersionDate "2013.07.16"]
[SourceQuality "1"]

1. e4 e6 2. d4 d5 3. Nc3 Nf6 4. Bg5 Bb4 5. e5 h6 6. Bh4 g5 7. Bg3 Ne4 8. Nge2 c5 9. a3 Bxc3+ 10. Nxc3 Nxc3 11. bxc3 Qa5 12. Qd2 Nc6 13. dxc5 Qxc5 14. h4 Rg8 15. hxg5 hxg5 16. Bd3 Bd7 17. Rb1 0-0-0 18. 0-0 Rh8 19. Qe3 Qe7 20. a4 g4 21. c4 d4 22. Qe4 Rh5 23. Qxg4 Rdh8 24. f3 Rg5 25. Qf4 Rhg8 26. Bh4 Rxg2+ 27. Kh1 Qf8 28. Bh7 R8g7 29. Be4 b6 30. Rg1 Rxg1+ 31. Rxg1 Rxg1+ 32. Kxg1 Nb4 33. Kg2 Bxa4 34. Qd2 Nc6 35. Qf4 a5 36. Bf2 Qg7+ 37. Bg3 Qg8 38. Kf1 Qe8 39. Bf2 Qd7 40. Ke2 Nb4 41. Kd2 Bc6 42. Bd3 b5 43. cxb5 Bxb5 44. Bxb5 Qxb5 45. Qxd4 Qd5 46. Qxd5 exd5 1/2-1/2

[Event "LSS WC-2010-F-00004"]
[Site "LSS email"]
[Date "2010.11.17"]
[Round "?"]
[White "Rubio Doblas, Francisco Javier"]
[Black "Bocanegra Moreno, Rufino"]
[Result "1/2-1/2"]
[WhiteElo "2280"]
[BlackElo "2341"]
[PlyCount "70"]
[EventDate "2010.11.23"]
[EventType "tourn (corr)"]
[EventRounds "10"]
[EventCountry "GER"]
[SourceTitle "Telechess CBM 155"]
[Source "ChessBase"]
[SourceDate "2013.07.16"]
[SourceVersion "1"]
[SourceVersionDate "2013.07.16"]
[SourceQuality "1"]

1. e4 e6 2. d4 d5 3. Nc3 Nf6 4. e5 Nfd7 5. f4 c5 6. Nf3 Nc6 7. Be3 a6 8. Qd2 b5 9. a3 Qb6 10. Ne2 Qc7 11. Ng3 h5 12. c3 cxd4 13. Nxd4 h4 14. Nge2 Na5 15. Qc2 Nc4 16. Bf2 Bc5 17. a4 b4 18. b3 Na5 19. Nc1 bxc3 20. Nd3 Be7 21. Be2 Nc5 22. Qxc3 Nxd3+ 23. Qxd3 Bb4+ 24. Kf1 Bd7 25. Nf3 Be7 26. Rb1 Qb7 27. Be3 0-0 28. Kf2 Rfc8 29. Rhd1 Nc6 30. Qd2 h3 31. g4 d4 32. Kg3 Be8 33. Bxd4 Nxd4 34. Qxd4 Rc2 35. Rd2 Rxd2 1/2-1/2

[Event "SM-2010-0-00117"]
[Site "LSS email"]
[Date "2010.08.26"]
[Round "?"]
[White "Baranowski, Tadeusz"]
[Black "Bocanegra Moreno, Rufino"]
[Result "1/2-1/2"]
[WhiteElo "2258"]
[BlackElo "2271"]
[PlyCount "115"]
[EventDate "2010.08.02"]
[EventType "tourn (corr)"]
[EventRounds "6"]
[EventCountry "GER"]
[SourceTitle "Telechess CBM 147"]
[Source "ChessBase"]
[SourceDate "2012.03.16"]
[SourceVersion "1"]
[SourceVersionDate "2012.03.16"]
[SourceQuality "1"]

1. d4 f5 2. c4 d6 3. g3 Nf6 4. Nc3 g6 5. Nf3 Bg7 6. Bg2 0-0 7. 0-0 Qe8 8. d5 Na6 9. Rb1 Bd7 10. b4 c6 11. c5 dxc5 12. dxc6 bxc6 13. bxc5 Nxc5 14. Ne5 Rd8 15. Qd4 Nfe4 16. Nxe4 Nxe4 17. Qc4+ Kh8 18. Bf4 g5 19. Nxd7 Qxd7 20. Bxe4 gxf4 21. Bxc6 Qd6 22. Rfd1 Bd4 23. Kg2 Qf6 24. Bd5 e5 25. Rb7 Qh6 26. Rdb1 Bb6 27. a4 Rc8 28. Qd3 e4 29. Qb3 Bd4 30. Rd1 Bg7 31. Bc4 fxg3 32. hxg3 f4 33. Rdd7 Rf5 34. Rb8 Rcf8 35. Rxf8+ Rxf8 36. gxf4 Qxf4 37. Qg3 Qxg3+ 38. fxg3 a5 39. Re7 Bf6 40. Rxe4 Rc8 41. Bd5 Rc5 42. Re8+ Kg7 43. e4 h5 44. Kf3 Bg5 45. Kg2 Kh6 46. Rh8+ Kg6 47. Rg8+ Kh6 48. Be6 Kh7 49. Ra8 Kg6 50. Rg8+ Kh7 51. Ra8 Kg6 52. Ra6 Bd8 53. Bd5+ Kg7 54. Ra8 Bg5 55. Rg8+ Kh6 56. Re8 Kg7 57. Re5 Kh6 58. Re6+ 1/2-1/2

[Event "CP-2008-Q-00015"]
[Site "LSS email"]
[Date "2010.01.10"]
[Round "?"]
[White "Bocanegra Moreno, Rufino"]
[Black "Markus, Roland"]
[Result "1/2-1/2"]
[WhiteElo "2244"]
[BlackElo "2193"]
[PlyCount "45"]
[EventDate "2010.01.15"]
[EventType "tourn (corr)"]
[EventRounds "6"]
[EventCountry "GER"]
[SourceTitle "Corr 2013"]
[Source "ChessBase"]
[SourceDate "2012.11.12"]
[SourceVersion "1"]
[SourceVersionDate "2012.11.12"]
[SourceQuality "1"]

1. e4 c6 2. d4 d5 3. Nc3 dxe4 4. Nxe4 Bf5 5. Ng3 Bg6 6. h4 h6 7. Nf3 Nd7 8. h5 Bh7 9. Bd3 Bxd3 10. Qxd3 e6 11. Bf4 Qa5+ 12. Bd2 Bb4 13. c3 Be7 14. c4 Qc7 15. 0-0-0 Ngf6 16. Kb1 Rd8 17. Qe2 0-0 18. Ne5 Rfe8 19. Bc3 a5 20. Ne4 a4 21. f4 Nxe4 22. Qxe4 Nxe5 23. dxe5 1/2-1/2

[Event "CP-2008-Q-00015"]
[Site "LSS email"]
[Date "2010.01.10"]
[Round "?"]
[White "Bocanegra Moreno, Rufino"]
[Black "Roberts, Anthony"]
[Result "1/2-1/2"]
[WhiteElo "2250"]
[BlackElo "2290"]
[PlyCount "53"]
[EventDate "2010.01.15"]
[EventType "tourn (corr)"]
[EventRounds "6"]
[EventCountry "GER"]
[SourceTitle "Telechess CBM 141"]
[Source "ChessBase"]
[SourceDate "2011.03.17"]
[SourceVersion "1"]
[SourceVersionDate "2011.03.17"]
[SourceQuality "1"]

1. e4 c5 2. Nc3 Nc6 3. Bb5 g6 4. Bxc6 bxc6 5. f4 Bg7 6. Nf3 d6 7. 0-0 Nf6 8. d3 0-0 9. Qe1 Rb8 10. b3 Bg4 11. Bd2 Nd7 12. Nh4 Bd4+ 13. Kh1 e6 14. h3 Be2 15. Qxe2 Qxh4 16. Rae1 Bg7 17. Qf3 d5 18. Na4 Rfe8 19. c4 Bd4 20. cxd5 cxd5 21. exd5 exd5 22. Nc3 Bxc3 23. Bxc3 d4 24. Bd2 Qf6 25. Qd5 Qf5 26. Qxf5 gxf5 27. g4 1/2-1/2